Pays du monde avec le plus de marocains - Statistiques

Statistiques générales
  • Ce quiz a été pris 582 fois
    580 depuis la dernière actualisation
  • Le résultat moyen est 13 sur 16
Réponses sur la Carte
Les réponses sont colorées sur une échelle allant du rouge au vert en fonction du pourcentage des utilisateurs qui les ont devinées à leur premier essai. Vous pouvez retrouver ces pourcentages ci-dessous.
 
Statistiques - réponses
Pays % Correct
France
100%
Espagne
99%
Maroc
96%
Italie
95%
Algérie
94%
États-Unis
94%
Allemagne
91%
Belgique
89%
Royaume-Uni
87%
Canada
86%
Pays-Bas
82%
Arabie saoudite
65%
Brésil
61%
Émirats arabes unis
51%
Suède
46%
Israël
24%
Aucun quiz correspondant
Distribution des résultats
% des personnes avec chaque résultat
Percentile par nombre de réponses
Votre historique - résultats
Vous n’avez pas pris ce quiz depuis la dernière actualisation